Real Madrid CF Squad 2022-2023 - Statistics

General Stats
  • This quiz has been taken 1,272 times
  • The average score is 20 of 24
Answer Stats
# Position Nation Player % Correct
1 GK Belgium Thibaut Courtois
99%
10 MF Croatia Luka Modrić
98%
9 FW France Karim Benzema
96%
8 MF Germany Toni Kroos
96%
4 DF Austria David Alaba
95%
20 FW Brazil Vinícius Júnior
94%
2 DF Spain Daniel Carvajal
93%
3 DF Brazil Éder Militão
93%
15 MF Uruguay Fede Valverde
91%
21 FW Brazil Rodrygo Goes
90%
7 FW Belgium Eden Hazard
89%
12 MF France Eduardo Camavinga
89%
22 DF Germany Antonio Rüdiger
87%
- Coach Italy Carlo Ancelotti
87%
18 MF France Aurélien Tchouameni
86%
13 GK Ukraine Andriy Lunin
84%
6 DF Spain Nacho Fernández
83%
23 DF France Ferland Mendy
81%
11 FW Spain Marco Asensio
78%
24 FW Dominican Republic Mariano Díaz
73%
17 FW Spain Lucas Vázquez
67%
19 MF Spain Dani Ceballos
62%
5 DF Spain Jesús Vallejo
58%
16 DF Spain Álvaro Odriozola
33%
No matching quizzes found
Score Distribution
Percent of People with Each Score
Percentile by Number Answered
Your Score History
You have not taken this quiz